<?xml version="1.0" encoding="UTF-8"?>
<record
    xmlns:xsi="http://www.w3.org/2001/XMLSchema-instance"
    xsi:schemaLocation="http://www.loc.gov/MARC21/slim http://www.loc.gov/standards/marcxml/schema/MARC21slim.xsd"
    xmlns="http://www.loc.gov/MARC21/slim">

  <leader>00655nam a2200133Ia 4500</leader>
  <controlfield tag="008">120721s9999    xx            000 0 und d</controlfield>
  <datafield tag="020" ind1=" " ind2=" ">
    <subfield code="a">970-712-555-1 (t. 5)</subfield>
  </datafield>
  <datafield tag="050" ind1=" " ind2=" ">
    <subfield code="a">KGF10 F692 2005</subfield>
  </datafield>
  <datafield tag="245" ind1=" " ind2=" ">
    <subfield code="a">El foro : peri&#xF3;dico de jurisprudencia y de legislaci&#xF3;n / Suprema Corte de Justicia de la Naci&#xF3;n</subfield>
  </datafield>
  <datafield tag="260" ind1=" " ind2=" ">
    <subfield code="a">M&#xE9;xico : Suprema Corte de Justicia de la Naci&#xF3;n, 2005</subfield>
  </datafield>
  <datafield tag="300" ind1=" " ind2=" ">
    <subfield code="a">584 p. ; 37 cm.</subfield>
  </datafield>
  <datafield tag="500" ind1=" " ind2=" ">
    <subfield code="a">acsim. Tip. del comercio - De Nabor Ch&#xE1;vez. - - Calle de Cordubanes N&#xFA;m. 8, M&#xE9;xico 1873. - - ISBN 970-712-489-X (obra completa). - - t. 5 1875</subfield>
  </datafield>
  <datafield tag="650" ind1=" " ind2=" ">
    <subfield code="a">1. Derecho - M&#xE9;xico 2. Derecho - Jurisprudencia, legislaci&#xF3;n, etc. - M&#xE9;xico&#xCC;</subfield>
  </datafield>
  <datafield tag="952" ind1=" " ind2=" ">
    <subfield code="0">0</subfield>
    <subfield code="1">0</subfield>
    <subfield code="4">0</subfield>
    <subfield code="7">0</subfield>
    <subfield code="a">08</subfield>
    <subfield code="b">08</subfield>
    <subfield code="d">2009-02-05</subfield>
    <subfield code="l">0</subfield>
    <subfield code="o">KGF10 F692 2005</subfield>
    <subfield code="p">08 002299</subfield>
    <subfield code="r">2012-07-20</subfield>
    <subfield code="t">1</subfield>
    <subfield code="w">2012-07-20</subfield>
    <subfield code="y">LB</subfield>
  </datafield>
  <datafield tag="999" ind1=" " ind2=" ">
    <subfield code="c">82104</subfield>
    <subfield code="d">82104</subfield>
  </datafield>
</record>
